000 00476nam a2200181 4500
005 20251009133012.0
008 251003b |||||||| |||| 00| 0 eng d
020 _a9788198020321
041 _aMarathi
082 _a891.46
_bKUL
100 _aKulkarni Narayan
_9213665
245 _aHutatma Ramprasad Bismil: Aatmakatha
260 _aPune
_bBharatiya Vichar Sadhana Pune Prakashan
_c2024
300 _a126
365 _b105.00
_cRs.00
650 _aGeneral
942 _cBK
999 _c367922
_d367922